02128nam a22002657a 4500003000500000005001700005008004100022010001100063011001100074035001100085040000900096100003000105245021600135264004100351300004200392336002700434337002900461338003800490502009100528520108600619650002901705650002601734700004901760856005301809CHAP20260224115151.0030912s2012 mx r 00010 spa d a103827 a104799 a115489 cCHAP1 aSolís Márquez, Oliva.10aDiscriminación racial en el ámbito laboral de indígenas migrantes mexicanos en los campos agrícolas de Wenatchee, Washington, EUA/cpor Oliva Solís Márquez; director Luz María Hermoso Santamaría. 1aChapingo, Méx. :bEl autor,c2011. a1 recurso en línea (138 páginas). 2rdacontentatextobtxt 2rdamediaacomputadorabc 2rdacarrierarecurso en líneabc bMaestro en Ciencias en Sociología Rural.cDepartamento de Sociología Rural,d2011. aLa Discriminación es un problema acuciante de las sociedades contemporáneas que afecta a la totalidad de los seres humanos, particularmente a los que migran fuera de sus países por razones de necesidad económica. Este es el caso de los indígenas migrantes mexicanos que se trasladan a EUA para trabajar en los campos agrícolas de Wenatchee, Washington, siguiendo los ciclos agrícolas del cultivo de cereza, pera y manzana. La experiencia laboral y de vida de la autora en la región de estudio, facilitó el desarrollo in situ de esta investigación cualitativa en torno a dos ejes de análisis: Discriminación y Migración. Se abordó la normatividad de la Convención Internacional Sobre la Eliminación de todas las Formas de Discriminación (CERD) y las principales propuestas académicas para interpretar el movimiento poblacional de los individuos. Se privilegió los testimonios de 11 capataces y 83 migrantes, que fueron procesados con el Paquete Estadístico para las Ciencias Sociales (SPSS), para proveer el sustento cuantitativo del trabajo.14aDiscriminación racial.14aMexicanos en E. U. A.1 aHermoso Santamaría, Luz Maríaedirector. uhttp://10.13.5.2/tesis/115489.pdfyDESCARGAR PDF